000 00285 a2200097 4500
082 _a362.1068119 DEM
100 _aDemery, Lionel
245 _aBenefit Incidence : a Practitioner's Guide /
_cLionel Demery
260 _aAfrica :
_bThe World Bank,
_c2000
300 _a58p. ;
_bill. ;
_c30 cm
650 _aPoverty Reduction
999 _c2149
_d2149